000 00362nam a22001577a 4500
003 SGT
020 _a978-93-5270-479-8
082 _a616.01
_bR19S
100 _aSASTRY, APURBA S.
245 _aREVIEW OF MICROBIOLOGY & IMMUNOLOGY
250 _a8TH
260 _aINDIA
_bJAYPEE PUB
_c2019
300 _a570
650 _aMICROBIOLOGY
942 _2ddc
_cBK
_0131
999 _c18773
_d18773